000 00331nam a2200121Ia 4500
008 230524s9999 xx 000 0 und d
100 _a"Michael R Blaha, James R Rumbaugh"
245 0 _aObject Oriented Modeling and Design with UML UML 2
260 _bPearson
500 _aQuantity Number: 30
650 _aComp-Sc
942 _cBK
999 _c50290
_d50290